ბათუმის შოთა რუსთაველის სახელმწიფო უნივერსიტეტის ბიბლიოთეკა

მცირე სოციალურ ჯგუფთა გამოკვლევის მეთოდური საკითხები / (ბიბ.ჩანაწერი № 37964)

000 -ლიდერი
ფიქსირებული სიგრძის საკონტროლო ველი 01169nam a2200229Ia 4500
001 - საკონტროლო ნომერი
საკონტროლო ველი 3946
003 - საკონტროლო ნომრის იდენტიფიკატორი
საკონტროლო ველი GE_BSU
005 - ბოლო ოპერაციის თარიღი და დრო
საკონტროლო ველი 20190912162237.0
008 - ფიქსირებული სიგრძის მონაცემთა ელემენტები - ზოგადი ინფორმაცია
ფიქსირებული სიგრძის საკონტროლო ველი 181216s1973||||ge |||||||||||||| ||geo||
040 ## - კატალოგიზაციის წყარო
Transcribing agency GE_BSU
041 ## - ენის კოდი
Language code of text/sound track or separate title geo
080 ## - უნივერსალური ათობითი კლასიფიკაციის ინდექსი
Universal Decimal Classification number 316 ვ–26
100 ## - მთავარი ჩანაწერი - პიროვნების სახელი
Personal name ვაჩეიშვილი, ა.
9 (RLIN) 3974
245 ## - ცნობა სათაურის შესახებ
Title მცირე სოციალურ ჯგუფთა გამოკვლევის მეთოდური საკითხები /
Statement of responsibility, etc საქ. სსრ. მეცნ. აკად. ფილოსოფიის ინ–ტი. რედ. შ. ნადირაშვილი.
260 ## - გამოქვეყნების, გავრცელების, და სხვა. ცნობები
Place of publication, distribution, etc თბილისი
264 ## - წარმოების, გამოცემის, დისტრიბუციის და სხვა ცნობები
გამოცემის, წარმოების, დისტრიბუციის... ადგილი თბ. :
გამოცემის, წარმოების, დისტრიბუციის... სახელწოდება მეცნიერება,
გამოცემის, წარმოების, დისტრიბუციის... თარიღი 1973.
300 ## - ფიზიკური აღწერა
Extent 245 გვ. ;
Other physical details 21 სმ.
653 ## - INDEX TERM--UNCONTROLLED
Uncontrolled term მცირე სოციალურ ჯგუფთა გამოკვლევის მეთოდური საკითხები.
700 ## - ADDED ENTRY--PERSONAL NAME
Personal name ნადირაშვილი, შ.
Relator term რედაქტორი
9 (RLIN) 2767
710 ## - ADDED ENTRY--CORPORATE NAME
Corporate name or jurisdiction name as entry element საქ. სსრ. მეცნ. აკად.
Subordinate unit ფილოსოფიის ინ–ტი.
9 (RLIN) 3975
942 ## - ADDED ENTRY ELEMENTS (KOHA)
Koha item type წიგნი
Source of classification or shelving scheme
ეგზემპლარები
ჩამოწერის სტატუსი დაკარგული ეგზემპლარის სტატუსი კლასიფიკაციის წყარო ან თაროზე გაწყობის სქემა დაზიანების სტატუსი არ გაიცემა მუდმივი მდებარეობა (დაცვის ადგილი) ამჟამინდელი ადგილსამყოფელი თაროზე განთავსების ადგილი შეძენის თარიღი ღირებულება, შესყიდვის ნორმალური ფასი სრული შენახვის შიფრი შტრიხკოდი ბოლო ოპერაციის თარიღი ეგზემპლარის მიმდევრობითი ნომერი (კეტერი?) ფასის ძალაში შესვლის თარიღი ეგზემპლარის სახეობა საჯარო შენიშვნა
          ბათუმის შოთა რუსთაველის სახელმწიფო უნივერსიტეტის მთავარი ბიბლიოთეკა ბათუმის შოთა რუსთაველის სახელმწიფო უნივერსიტეტის მთავარი ბიბლიოთეკა წიგნსაცავი 2018-12-17 0.00 316 ვ–26 5630 2018-12-17 5630 2018-12-17 წიგნი 0. 80 თ.